Applied Mathematics for Business Economics and School Science (Record no. 7165)
[ view plain ]
| 000 -LEADER | |
|---|---|
| fixed length control field | 00281nam a2200109Ia 4500 |
| 020 ## - INTERNATIONAL STANDARD BOOK NUMBER | |
| ISBN | 978-0-07-070655-2. |
| 100 ## - MAIN ENTRY--AUTHOR NAME | |
| Personal name | Frank S.Budnick |
| 245 #0 - TITLE STATEMENT | |
| Title | Applied Mathematics for Business Economics and School Science |
| 260 ## - PUBLICATION, DISTRIBUTION, ETC. (IMPRINT) | |
| Place of publication | New York |
| Name of publisher | Macmillan |
| Year of publication | 1993 |
| 300 ## - PHYSICAL DESCRIPTION | |
| Number of Pages | 993 |
| 942 ## - ADDED ENTRY ELEMENTS (KOHA) | |
| Koha item type | Books |
| Withdrawn status | Lost status | Collection code | Permanent Location | Current Location | Shelving location | Date acquired | Full call number | Accession Number | Koha item type |
|---|---|---|---|---|---|---|---|---|---|
| | | Mathematics | MAJU | MAJU | Shelf No.A26 | 2019-09-12 | 515.2 | 868 | Mathematics |